00394 a2200157 4500003000400000005001700004008004100021020001800062040000900080082001500089100003100104245004900135250001200184260003000196300001000226OSt20230826162226.0230826b |||||||| |||| 00| 0 eng d a9788131733547 coclc a658bROB/E aRobbins, Stephen P d1943- aESSENTIALS OF MANAGEMENT/cStephen P Robbins a6th ed. aChennai:bPearson,c2022. a332 p